Language Quiz

Random Language or Blitz Quiz

World Language Sorting Blitz Quiz Stats

 Plays Quiz Updated May 25, 2018

Score 0/36 Timer 01:30
5 Plays Today
% Correct
???
58.5%
???
56.7%
???
56.3%
???
56.2%
???
55.8%
???
53.6%
???
53.3%
???
52.7%
???
52.3%
???
51.9%
???
51.8%
???
51.6%
???
51.5%
???
50.6%
???
50.1%
???
49.6%
???
49.6%
???
48.3%
% Correct
???
48%
???
47.9%
???
47.3%
???
47%
???
47%
???
46.7%
???
44.2%
???
43.7%
???
42.6%
???
42.2%
???
40.8%
???
40.1%
???
39.6%
???
34.2%
???
30.6%
???
28.8%
???
24.5%
???
21.9%

You're not logged in!

Compare scores with friends on all Sporcle quizzes.
OR
Log In

Show Comments

Extras

Top Quizzes Today


Score Distribution

Your Account Isn't Verified!

In order to create a playlist on Sporcle, you need to verify the email address you used during registration. Go to your Sporcle Settings to finish the process.

Report this User

Report this user for behavior that violates our Community Guidelines.

Details: